000 00359nam a22001217a 4500
999 _c1561
_d1561
005 20200901145421.0
008 200901b ||||| |||| 00| 0 eng d
020 _a0719545897
040 _cCML
245 _aAural Tests in Mathematics.
_cWyvern, P.
260 _aGreat Britain
_bJohn Murray Ltd
_c1989
942 _2ddc
_cBK
_e1st Edition
_h510
_mWYV